<?xml version="1.0" encoding="UTF-8"?>
<record
    xmlns:xsi="http://www.w3.org/2001/XMLSchema-instance"
    xsi:schemaLocation="http://www.loc.gov/MARC21/slim http://www.loc.gov/standards/marcxml/schema/MARC21slim.xsd"
    xmlns="http://www.loc.gov/MARC21/slim">

  <leader>00683nam a22001577a 4500</leader>
  <controlfield tag="003">OSt</controlfield>
  <controlfield tag="005">20150917165630.0</controlfield>
  <controlfield tag="008">150917b        xxu||||| |||| 00| 0 eng d</controlfield>
  <datafield tag="040" ind1=" " ind2=" ">
    <subfield code="c">RUA</subfield>
  </datafield>
  <datafield tag="082" ind1=" " ind2=" ">
    <subfield code="a">AGR SIP 2001 B026 Or.1</subfield>
  </datafield>
  <datafield tag="100" ind1=" " ind2=" ">
    <subfield code="9">712</subfield>
    <subfield code="a">SIP, PAGNASOLEY.</subfield>
  </datafield>
  <datafield tag="245" ind1=" " ind2=" ">
    <subfield code="a">Study on gelatinzation temperature and coocked rice expansion of some rice varieties &#x1780;&#x17B6;&#x179A;&#x179F;&#x17B7;&#x1780;&#x17D2;&#x179F;&#x17B6;&#x1791;&#x17C5;&#x179B;&#x17BE;&#x179F;&#x17B8;&#x178F;&#x17BB;&#x178E;&#x17D2;&#x17A0;&#x17B6;&#x1797;&#x17B6;&#x1796;&#x17A2;&#x1793;&#x17D2;&#x1792;&#x17B7;&#x179B;&#x1780;&#x1798;&#x17D2;&#x1798; &#x1793;&#x17B7;&#x1784;&#x1797;&#x17B6;&#x1796;&#x179A;&#x17B8;&#x1780;&#x1793;&#x17C3;&#x179F;&#x17B6;&#x1785;&#x17CB;&#x1782;&#x17D2;&#x179A;&#x17B6;&#x1794;&#x17CB;&#x17A2;&#x1784;&#x17D2;&#x1780;&#x1791;&#x17C5;&#x179B;&#x17BE;&#x1796;&#x17BC;&#x1787;&#x179F;&#x17D2;&#x179A;&#x17BC;&#x179C;&#x1798;&#x17BD;&#x1799;&#x1785;&#x17C6;&#x1793;&#x17BD;&#x1793;</subfield>
  </datafield>
  <datafield tag="260" ind1=" " ind2=" ">
    <subfield code="a">Phnom Penh</subfield>
    <subfield code="b">RUA</subfield>
    <subfield code="c">2001</subfield>
  </datafield>
  <datafield tag="300" ind1=" " ind2=" ">
    <subfield code="a">52p.</subfield>
    <subfield code="b">ill.</subfield>
    <subfield code="c">29cm.</subfield>
  </datafield>
  <datafield tag="942" ind1=" " ind2=" ">
    <subfield code="2">ddc</subfield>
    <subfield code="c">AGR</subfield>
  </datafield>
  <datafield tag="999" ind1=" " ind2=" ">
    <subfield code="c">685</subfield>
    <subfield code="d">685</subfield>
  </datafield>
  <datafield tag="952" ind1=" " ind2=" ">
    <subfield code="0">0</subfield>
    <subfield code="1">0</subfield>
    <subfield code="2">ddc</subfield>
    <subfield code="4">0</subfield>
    <subfield code="6">AGR_SIP_2001_000000000000000_B026_OR_1</subfield>
    <subfield code="7">0</subfield>
    <subfield code="9">2902</subfield>
    <subfield code="a">LBB</subfield>
    <subfield code="b">LBB</subfield>
    <subfield code="d">2015-09-17</subfield>
    <subfield code="o">AGR SIP 2001 B026 Or.1</subfield>
    <subfield code="p">RUA002802</subfield>
    <subfield code="r">2015-09-17</subfield>
    <subfield code="w">2015-09-17</subfield>
    <subfield code="y">AGR</subfield>
  </datafield>
  <datafield tag="952" ind1=" " ind2=" ">
    <subfield code="0">0</subfield>
    <subfield code="1">0</subfield>
    <subfield code="2">ddc</subfield>
    <subfield code="4">0</subfield>
    <subfield code="6">AGR_SIP_2001_000000000000000_B026_OR_2</subfield>
    <subfield code="7">0</subfield>
    <subfield code="9">2903</subfield>
    <subfield code="a">LBB</subfield>
    <subfield code="b">LBB</subfield>
    <subfield code="d">2015-09-17</subfield>
    <subfield code="o">AGR SIP 2001 B026 Or.2</subfield>
    <subfield code="p">RUA002595</subfield>
    <subfield code="r">2015-09-17</subfield>
    <subfield code="w">2015-09-17</subfield>
    <subfield code="y">AGR</subfield>
  </datafield>
  <datafield tag="952" ind1=" " ind2=" ">
    <subfield code="0">0</subfield>
    <subfield code="1">0</subfield>
    <subfield code="2">ddc</subfield>
    <subfield code="4">0</subfield>
    <subfield code="6">AGR_SIP_2001_000000000000000_B026_OR_3</subfield>
    <subfield code="7">0</subfield>
    <subfield code="9">2904</subfield>
    <subfield code="a">LBB</subfield>
    <subfield code="b">LBB</subfield>
    <subfield code="d">2015-09-17</subfield>
    <subfield code="o">AGR SIP 2001 B026 Or.3</subfield>
    <subfield code="p">RUA002523</subfield>
    <subfield code="r">2015-09-17</subfield>
    <subfield code="w">2015-09-17</subfield>
    <subfield code="y">AGR</subfield>
  </datafield>
  <datafield tag="952" ind1=" " ind2=" ">
    <subfield code="0">0</subfield>
    <subfield code="1">0</subfield>
    <subfield code="2">ddc</subfield>
    <subfield code="4">0</subfield>
    <subfield code="6">AGR_SIP_2001_000000000000000_B026_OR_4</subfield>
    <subfield code="7">0</subfield>
    <subfield code="9">14962</subfield>
    <subfield code="a">LBB</subfield>
    <subfield code="b">LBB</subfield>
    <subfield code="d">2015-11-05</subfield>
    <subfield code="o">AGR SIP 2001 B026 Or.4</subfield>
    <subfield code="p">RUA037111</subfield>
    <subfield code="r">2015-11-05</subfield>
    <subfield code="w">2015-11-05</subfield>
    <subfield code="y">AGR</subfield>
  </datafield>
  <datafield tag="952" ind1=" " ind2=" ">
    <subfield code="0">0</subfield>
    <subfield code="1">0</subfield>
    <subfield code="2">ddc</subfield>
    <subfield code="4">0</subfield>
    <subfield code="6">AGR_SIP_2001_000000000000000_B026_OR_5</subfield>
    <subfield code="7">0</subfield>
    <subfield code="9">15072</subfield>
    <subfield code="a">LBB</subfield>
    <subfield code="b">LBB</subfield>
    <subfield code="d">2015-11-06</subfield>
    <subfield code="o">AGR SIP 2001 B026 Or.5</subfield>
    <subfield code="p">RUA035340</subfield>
    <subfield code="r">2015-11-06</subfield>
    <subfield code="w">2015-11-06</subfield>
    <subfield code="y">AGR</subfield>
  </datafield>
</record>
